| 000 | 00429nam a2200133Ia 4500 | ||
|---|---|---|---|
| 008 | 211109s9999||||xx |||||||||||||| ||und|| | ||
| 082 |
_a494.8 _bZAC-E |
||
| 100 | _aZacrias Thobiyas, | ||
| 245 | 0 | _aEnglish Malayalam Dictionary | |
| 260 |
_bNATIONAL BOOKSTALL _aKottayam _c1900 |
||
| 630 | _xGeneral Stack | ||
| 650 |
_aAltaic, Uralic, Hyperborean & Dravidian _vOther languagesEnglish DictionaryDictionary _xGeneralia |
||
| 942 | _cBOOK | ||
| 999 |
_c5247 _d5247 |
||